000 00975nam0a22002651 4500
001 v19\rc\1589509
005 20250618213912.0
035 _a(NLR Aleph) 004714420
090 _a4245355
_c4245355
100 _a20061002d1894 |||y0rusy50 ca
101 0 _arus
102 _aRU
105 _ae z |||||
200 1 _aГосударственное межевание и судопроизводство по межевым делам
_eПособие по межевым законам т. 10 ч. 2 изд. 1893 г.
_f[Соч.] В. Утина
210 _aСанкт-Петербург
_cтипо-лит. А. Рабиновича
_d1894
215 _a[6], 46 с., 1 л. план.
_d24
700 1 _aУтин
_bВ.Л.
_gВладимир Львович
801 0 _aRU
_bNLR
_gpsbo
801 0 _aRU
_bRuMoRGB
_2psbo
801 1 _aRU
_bProSoft-M
_2rusmarc
852 _aNLR
_j18.226.3.355
899 _aRuMoRGB
_jA 228/277
899 _aRuMoRGB
_jA 320/177
942 _cBOOK
980 _aNB